|
|
|
|
| LEADER |
00671nam a2200205Ia 4500 |
| 001 |
CTU_160155 |
| 008 |
210402s9999 xx 000 0 und d |
| 082 |
|
|
|a 628.3
|
| 082 |
|
|
|b J94/1999
|
| 100 |
|
|
|a Julien, M. H.
|
| 245 |
|
0 |
|a Biological control of water hyacinth :
|
| 245 |
|
4 |
|b The weevils neochetina, and rearing
|
| 245 |
|
0 |
|c M. H. Julien, M.W. Griffiths and A.D. Wright
|
| 260 |
|
|
|a Canberra
|
| 260 |
|
|
|b Australian centre for International Agricultural Research
|
| 260 |
|
|
|c 1999
|
| 650 |
|
|
|a Lục bình nước,Water hyacinth,Sewage
|
| 650 |
|
|
|x Biological treatment
|
| 904 |
|
|
|i Năm
|
| 980 |
|
|
|a Trung tâm Học liệu Trường Đại học Cần Thơ
|